000 00487nam a22001337a 4500
999 _c16295
_d16295
008 170202b xxu||||| |||| 00| 0 eng d
040 _aKABU
_cKABU
050 _aJQ2947
_b.A56C6K46 2016 C.5
100 _aAclarb, Halakhe Waqo
245 _aEthics and anti-corruption commission
_bnational ethics and corruption survey, 2015 report
_cby Halakhe waqo Aclarb
260 _aNairobi
_c2016
300 _axvi, 81 p.
942 _2lcc
_cBK
_hJQ2947 .A56C6K46 2016 C.5